|
|
|
|
| LEADER |
00000nab a2200000ua 4500 |
| 001 |
vtls010749493 |
| 003 |
SK-MaSNL |
| 005 |
20260304202759.0 |
| 008 |
250718s2009 xo |||||||||||||||||slo| |
| 035 |
|
|
|a (urnnbn)urn:nbn:sk:snk:ar-a02365
|
| 035 |
|
|
|a (uuid)d436e43e-c41f-4175-861e-e535800a841b
|
| 035 |
|
|
|a urn:nbn:sk:snk-ab4hfr
|
| 040 |
|
|
|a SNKBUCL
|b slo
|c SNKBUCL
|e AACR2
|
| 041 |
0 |
|
|a eng
|
| 044 |
|
|
|a xo
|c SK
|
| 100 |
1 |
|
|a Hirt, Tomáš,
|d 1975-
|4 aut
|9 365039
|
| 245 |
1 |
0 |
|a Marek Jakoubek (ed.): Gypsies and Ethnicity :
|b Triton. 2008, Praha/Kroměříž, 408 pages.
|c Tomáš Hirt
|
| 773 |
0 |
|
|t Sociológia : časopis Sociologického ústavu Slovenskej akadémie vied
|g Roč. 41, č. 3 (2009), s. 268-271
|
| 850 |
|
|
|a Slovenská národná knižnica
|
| 852 |
|
|
|a Slovenská národná knižnica
|
| 958 |
|
|
|a article3
|
| 958 |
|
|
|a OND
|
| 958 |
|
|
|a EUIPO
|
| 999 |
|
|
|c 3105413
|d 3107343
|